| 000 | 00583nam a2200181 i 4500 | ||
|---|---|---|---|
| 001 | 76903 | ||
| 003 | ES-MaACL | ||
| 007 | t| | ||
| 008 | 041005s1983 sp ||||1| spa d | ||
| 100 | 1 |
_aGuilarte, Alfonso María. _960684 |
|
| 245 | 1 | 3 |
_aEl obispo Acuña _b: historia de un comunero / _cAlfonso Mª Guilarte. |
| 260 |
_a[Valladolid] : _bAmbito, _c[1983] |
||
| 300 |
_a159 p. ; _c18 cm. |
||
| 490 | 1 |
_aColección ámbito Castilla y León ; _v12 |
|
| 830 | 0 |
_aColección ámbito Castilla y León ; _v12 _9181896 |
|
| 852 |
_aES-MaACL _jL-4724 _bR.105512 |
||
| 999 |
_c76903 _d76903 |
||